| 000 | 00402 a2200133 4500 | ||
|---|---|---|---|
| 999 |
_c321249 _d321249 |
||
| 001 | 86176 | ||
| 003 | NUST | ||
| 005 | 20180122091606.0 | ||
| 008 | 180122b xxu||||| |||| 00| 0 eng d | ||
| 020 | _a9780521767217 | ||
| 082 | _a959 LAV | ||
| 100 |
_aPeter R Lavoy _99414 |
||
| 245 |
_aAsymmetric warfare in South Asia : the causes and consequences of the Kargil Conflict _cPeter R Lavoy |
||
| 260 |
_aNew York _bCambridge University Press _c2009 |
||
| 300 | _axvii, 407 p. | ||
| 942 |
_aCAE NUST _cBK _k959 LAV _2ddc |
||